000 00230nam a2200085Ia 4500
245 0 _aChocolates for my wife
100 _a MATSHIKIZA, Todd Cape Town, 1990
_987826
942 _cBK
008 210825s9999 xx 000 0 und d
999 _c565000
_d564999